000 00438nam a2200169Ia 4500
003 GCL
008 140319s9999 xx 000 0 ara d
040 _aGCL /
_cGCL
082 0 4 _a415.1
_bق ج
100 1 _aجرجس عيسى الاسمر
245 1 0 _aقاموس الاعراب /
_cجرجس عيسى الاسمر
300 _a200 ص
490 _a
650 0 4 _aالنحو
650 0 4 _aاللغة العربية
942 _2ddc
_cBK
999 _c37597
_d37597